2010s Albums (Extreme) - Statistics

General Stats
  • This quiz has been taken 865 times
    832 since last reset
  • The average score is 8 of 20
Answer Stats
Picture Answer % Correct
Invasion of Privacy - Cardi B
74%
LONG.LIVE.A$AP - A$AP Rocky
66%
American Teen - Khalid
59%
Paramore - Paramore
57%
American Beauty/American Psycho - Fall Out Boy
53%
Dream Your Life Away - Vance Joy
49%
F.A.M.E. - Chris Brown
46%
Melophobia - Cage the Elephant
46%
Torches - Foster the People
44%
Die Lit - Playboy Carti
39%
Saturation III - BROCKHAMPTON
36%
The Money Store - Death Grips
36%
Twin Fantasy - Car Seat Headrest
33%
Death of a Bachelor - Panic! At the Disco
32%
El Camino - The Black Keys
31%
Lights - Ellie Goulding
30%
Woodstock - Portugal. The Man
29%
...Like Clockwork - Queens of the Stone Age
23%
Traveler - Chris Stapleton
16%
Royal Blood - Royal Blood
13%
No matching quizzes found
Score Distribution
Percent of People with Each Score
Percentile by Number Answered
Your Score History
You have not taken this quiz since the last reset